| 000 | 01165nac a22002411u 4500 | ||
|---|---|---|---|
| 008 | 100127t xxu||||| |||| 00| 0 eng d | ||
| 010 | _a 2002033178 | ||
| 020 | _a0071410503 | ||
| 082 | 0 | 0 |
_a620.003 _222 _bENG |
| 100 |
_a20080729 _910691 |
||
| 245 | 0 | 0 |
_aMcGraw-Hill Dictionary of Engineering/ _cNetLibrary, Inc. |
| 250 | _a2nd ed. | ||
| 260 |
_aNew York : _bMcGraw-Hill, 2003 _c2003 |
||
| 300 |
_axi, 643 p. : _bill. ; _c22 cm. |
||
| 500 | _a"All definitions were drawn from the McGraw-Hill dictionary of scientific and technical terms, 6th ed."--Pref. | ||
| 650 | 0 |
_aEngineering _vDictionaries. _910692 |
|
| 710 |
_910690 _aNetLibrary, Inc. |
||
| 856 | 4 | 2 |
_3Contributor biographical information _uhttp://www.loc.gov/catdir/bios/mh042/2002033178.html |
| 856 | 4 | 2 |
_3Table of contents _uhttp://www.loc.gov/catdir/toc/mh031/2002033178.html |
| 856 | 4 | 2 |
_3Publisher description _uhttp://www.loc.gov/catdir/enhancements/fy0704/2002033178-d.html |
| 942 |
_cREFERENCE _k620.003 ENG _2ddc |
||
| 999 |
_c3647 _d3647 |
||